000 00472nam a22001577a 4500
005 20240215082709.0
008 240212b |||||||| |||| 00| 0 eng d
041 _aAfrikaans
082 _a349 TYD
100 _aVenter, F
_lAfrikaans
245 _aTydskrif vir Hedendaagse Romeins-Hollandse Reg
260 _aDurban :
_bButterworth,
_c1985
300 _b253 - 378 pages
_c25 cm.
650 _aLegal practice
_bLaw
942 _cBK
_6ALISON_BN_VRIES
999 _c1337
_d1337